Azərbaycanda oğlanlara ən çox qoyulan adlar - Statistics

General Stats
  • This quiz has been taken 40 times
    6 since last reset
  • The average score is 21 of 100
Answer Stats
# Ad % Correct
10 Murad
100%
4 Əli
83%
89 İlham
83%
14 Məhəmməd
83%
61 Musa
67%
5 Yusif
67%
56 Araz
50%
36 Fərid
50%
30 Həsən
50%
3 Hüseyn
50%
24 İbrahim
50%
83 İsa
50%
44 İsmayıl
50%
40 Kənan
50%
7 Ömər
50%
2 Raul
50%
27 Rəsul
50%
53 Sadiq
50%
19 Adəm
33%
13 Ayaz
33%
92 Azad
33%
96 Əhməd
33%
45 Emin
33%
11 Fateh
33%
86 Kamal
33%
77 Nicat
33%
76 Ruslan
33%
37 Səid
33%
9 Tunar
33%
1 Uğur
33%
97 Abbas
17%
49 Amin
17%
55 Arda
17%
78 Arif
17%
8 Ayxan
17%
98 Azər
17%
74 Cavad
17%
90 Cavid
17%
34 Cəsur
17%
29 Davud
17%
54 Elcan
17%
66 Elmir
17%
99 Elvin
17%
31 Emil
17%
64 Fərhad
17%
47 Fuad
17%
22 Mehdi
17%
79 Məhəmmədəli
17%
41 Mikayıl
17%
33 Nihad
17%
87 Nurlan
17%
12 Onur
17%
85 Osman
17%
60 Polad
17%
73 Rauf
17%
70 Rəvan
17%
58 Rüzgar
17%
69 Şahin
17%
67 Sənan
17%
65 Süleyman
17%
94 Tərlan
17%
62 Toğrul
17%
23 Turan
17%
20 Ümid
17%
95 Vaqif
17%
72 Yunis
17%
21 Zeyd
17%
59 Zeyn
17%
100 Zöhrab
17%
39 Alixan
0%
28 Alparslan
0%
26 Altay
0%
18 Amir
0%
35 Aslan
0%
17 Atilla
0%
42 Cahid
0%
52 Camal
0%
93 Cəbrayıl
0%
25 Cihan
0%
51 David
0%
57 Əbəlfəz
0%
88 Əkbər
0%
75 Eşqin
0%
38 Harun
0%
80 İlqar
0%
48 Mirac
0%
6 Miran
0%
82 Oğuz
0%
68 Ömür
0%
43 Ramal
0%
32 Renat
0%
50 Rza
0%
15 Səccad
0%
63 Sübhan
0%
71 Tamerlan
0%
46 Timur
0%
16 Tuncay
0%
81 Turqut
0%
91 Vüqar
0%
84 Yaqub
0%
No matching quizzes found
Score Distribution
Percent of People with Each Score
Percentile by Number Answered
Your Score History
You have not taken this quiz since the last reset